000 00821cam a2200313 a 4500
001 001160
003 DO-SdBNP
005 20180131120220.0
007 001160
008 831026s2003 ec 000 f spa
040 _aBPMSU
_cspa
_dBPMSU
092 _a
_b
100 1 _aAlcott, Louisa May,
_d1832-1888.
240 1 0 _aLitle women.
_lEspañol.
245 1 0 _aMujercitas /
_cLouisa May Alcott,
250 _a
260 _aQuito :
_bLibresa,
_c2003
300 _a44 p. ;
_c20 cm.
490 _aClásicos de siermpre
534 _aTítulo original:
_tLitle women
650 4 _aNOVELA MEXICANA
650 4 _aLITERATURA MEXICANA
700 1 _a
_e
830 _aClásicos de siermpre
910 _a
942 _2ddc
_cBK
945 _aInventariado, 2018/ YL
956 _aVMATEO
_b10
_c20160530
_lBPMSU
_h0069
999 _c10234
_d10234